Le livre sacre des gnostiques d'Egypte /

محفوظ في:

مؤلفون آخرون: Bardeau, Fabrice.

التنسيق: كتاب

اللغة: French
Coptic

منشور في: Paris : [R. Laffont], c1977.

سلاسل: Portes de l'etrange.

الموضوعات:

الوسوم: إضافة وسم

لا توجد وسوم, كن أول من يضع وسما على هذه التسجيلة!

رقم الطلب: BT1390 .P514 1977

LEADER 00890namaa2200277 4500
001 22027
003 OSt
005 20211031142254.0
008 130303s1977 fr g 000 0 fre d
952 |0 0  |1 0  |2 lcc  |4 0  |6 BT1390 P514 01977  |7 1  |9 21910  |a ARCE  |b ARCE  |d 2021-10-31  |l 0  |o BT1390 .P514 1977  |p 1014664  |r 2021-10-31 00:00:00  |w 2021-10-31  |y BK 
999 |c 20634  |d 20634 
010 |a 78359606 
040 |c ARCE Library 
041 1 |a fre  |h cop 
050 4 |a BT1390 .P514 1977 
130 0 |a Pistis Sophia.  |l French. 
245 1 3 |a Le livre sacre des gnostiques d'Egypte /  |c préf. et présentation de Fabrice Bardeau. 
264 1 |a Paris :   |b [R. Laffont],   |c c1977. 
300 |a 167 pages ;  |c 22 cm. 
490 0 |a Portes de l'etrange. 
500 |a Translation of : Pistis Sophia. 
555 |a Sara.lib 
650 0 |a Gnosticism. 
700 1 |a Bardeau, Fabrice.  |9 26241 
901 |a reviewed 
942 |c BK  |2 lcc